000 00799nam a2200229Ii 4500
003 JO-AjNU
008 230605s9999||||xx |||||||||||||| ||und||
017 _a2012/6/2135
020 _a978-9957-91-027-3
040 _aJO-AjNU
_bara
_erda
_cJO-AjNU
041 _aara
050 1 4 _aK3240.4.2013
100 3 _a السويلميين، صفاء محمود رستم ,
_eauthor
_950303
245 0 0 _aدور مسؤولية الإدارة في تعزيز إحترام حقوق الإنسان " دراسة مقارنة "
250 _aط1
264 3 1 _aعمان : دار وائل ، 2013
300 _a272ص
336 _atext
_btxt
_2rdacontent
337 _aunmediated
_bn
_2rdamedia
338 _avolume
_bnc
_2rdacarrier
650 4 _aحقوق الانسان -- القانون المدني
_950304
999 _aA22150
_c25718
_d25718